40 Random Countries on a World Map - Statistics

General Stats
  • This quiz has been taken 31 times
  • The average score is 35 of 40
Answers on the Map
Answers color-coded by a green-red scale on the quiz's map according to % correct below.
 
Answer Stats
Country % Correct
Afghanistan
100%
Algeria
100%
Argentina
100%
Australia
100%
Austria
100%
Azerbaijan
100%
Bangladesh
100%
Belarus
100%
Bosnia and Herzegovina
100%
Botswana
100%
Brazil
100%
Bulgaria
100%
Burundi
100%
Cambodia
100%
Cameroon
100%
Canada
100%
Cape Verde
100%
Chile
100%
China
100%
Colombia
100%
Cuba
100%
Denmark
100%
Dominican Republic
100%
DR Congo
100%
Ecuador
100%
Egypt
100%
El Salvador
100%
Estonia
100%
Eswatini
100%
Ethiopia
100%
Finland
100%
France
100%
FS Micronesia
100%
Germany
100%
Ghana
100%
Guinea
100%
Guinea-Bissau
100%
Guyana
100%
Iceland
100%
India
100%
Indonesia
100%
Iran
100%
Iraq
100%
Ireland
100%
Israel
100%
Italy
100%
Japan
100%
Jordan
100%
Kazakhstan
100%
Kenya
100%
Latvia
100%
Lesotho
100%
Madagascar
100%
Malawi
100%
Mali
100%
Mauritania
100%
Mexico
100%
Mongolia
100%
Morocco
100%
Mozambique
100%
Myanmar
100%
Nepal
100%
New Zealand
100%
Nicaragua
100%
Niger
100%
Nigeria
100%
North Korea
100%
Norway
100%
Oman
100%
Papua New Guinea
100%
Paraguay
100%
Poland
100%
Portugal
100%
Romania
100%
Russia
100%
Rwanda
100%
Samoa
100%
Saudi Arabia
100%
Senegal
100%
Seychelles
100%
South Africa
100%
South Korea
100%
Spain
100%
Sri Lanka
100%
Sweden
100%
Taiwan
100%
Thailand
100%
Tunisia
100%
Turkey
100%
Uganda
100%
Ukraine
100%
United Kingdom
100%
United States
100%
Uruguay
100%
Venezuela
100%
Zambia
100%
Palau
90%
Switzerland
90%
Honduras
89%
Laos
89%
Slovenia
89%
Bahamas
88%
Guatemala
88%
Jamaica
88%
Sudan
88%
Syria
88%
Benin
86%
Croatia
86%
Malta
86%
Tonga
86%
Vietnam
86%
Yemen
86%
Czech Republic
83%
Kuwait
83%
Mauritius
83%
Nauru
83%
Turkmenistan
83%
Albania
80%
Belgium
80%
Chad
80%
Haiti
80%
Kiribati
80%
Libya
80%
Malaysia
80%
Netherlands
80%
Sierra Leone
80%
South Sudan
80%
United Arab Emirates
80%
Moldova
78%
Peru
78%
Belize
75%
Bolivia
75%
Central African Republic
75%
Costa Rica
75%
Greece
75%
Ivory Coast
75%
Kyrgyzstan
75%
Lithuania
75%
Marshall Islands
75%
Panama
75%
Slovakia
75%
Somalia
75%
Tajikistan
75%
Tanzania
75%
Zimbabwe
75%
Angola
71%
Armenia
71%
Hungary
71%
Pakistan
71%
Equatorial Guinea
67%
Georgia
67%
Kosovo
67%
Serbia
67%
Vanuatu
67%
Sao Tome and Principe
64%
Namibia
63%
Fiji
60%
Burkina Faso
50%
Comoros
50%
Eritrea
50%
Gabon
50%
Liberia
50%
Maldives
50%
Republic of the Congo
50%
Solomon Islands
50%
Togo
50%
Tuvalu
50%
Philippines
40%
North Macedonia
33%
Uzbekistan
33%
Suriname
0%
No matching quizzes found
Score Distribution
Percent of People with Each Score
Percentile by Number Answered
Your Score History
You have not taken this quiz